Was passt nicht? #2 - Statistiken

Allgemein
  • Dieses Quiz wurde 80 mal gespielt
  • Das Durchschnittsergebnis liegt bei 59 aus 90
Antwortstatistiken
Frage Kachel Select % Korrekt
Afrikanische Länder Ägypten Nein
93%
Afrikanische Länder Guinea Nein
93%
Afrikanische Länder Lesotho Nein
92%
Afrikanische Länder Guinea-Bissau Nein
91%
Afrikanische Länder Mali Nein
91%
James Bond-Darsteller Nein
89%
Afrikanische Länder Äquatorialguinea Nein
89%
Afrikanische Länder Honduras Ja
88%
Bücher von Astrid Lindgren. Nein
86%
Bücher von Astrid Lindgren. Nein
85%
Hauptstädte in Europa. Nein
85%
James Bond-Darsteller Nein
84%
Hauptstädte in Europa. Nein
84%
Von den Gebrüdern Grimm gesammelte Märchen Nein
84%
James Bond-Darsteller Nein
82%
Afrikanische Länder Papua-Neuguinea Ja
82%
James Bond-Darsteller Nein
81%
Von den Gebrüdern Grimm gesammelte Märchen Nein
81%
Bücher von Astrid Lindgren. Nein
80%
Filme aus den 80ern Nein
80%
Von den Gebrüdern Grimm gesammelte Märchen Nein
80%
James Bond-Darsteller Nein
78%
Filme aus den 80ern Nein
78%
Bücher von Astrid Lindgren. Nein
77%
Filme aus den 80ern Nein
77%
James Bond-Darsteller Ja
76%
Hauptstädte in Europa. Nein
76%
Filme aus den 80ern Nein
76%
James Bond-Darsteller Ja
74%
Erfindungen des 20. Jahrhunderts Nein
74%
Deutsche Bundeskanzler Nein
74%
Deutsche Bundeskanzler Nein
74%
Weltranglistenerste im Herrentennis (Einzel) Nein
73%
Erfindungen des 20. Jahrhunderts Nein
73%
Filme aus den 80ern Nein
72%
Filme aus den 80ern Nein
72%
Aktuelle Währungen Nein
72%
Deutsche Bundeskanzler Nein
72%
Deutsche Bundeskanzler Nein
72%
Deutsche Bundeskanzler Nein
70%
Deutsche Bundeskanzler Ja
70%
Afrikanische Länder Guyana Ja
70%
James Bond-Darsteller Nein
69%
Hauptstädte in Europa. Nein
69%
Filme aus den 80ern Ja
69%
Weltranglistenerste im Herrentennis (Einzel) Nein
69%
Aktuelle Währungen Nein
69%
Aktuelle Währungen Nein
69%
Erfindungen des 20. Jahrhunderts Nein
69%
Hauptstädte in Europa. Nein
68%
Weltranglistenerste im Herrentennis (Einzel) Nein
68%
Von den Gebrüdern Grimm gesammelte Märchen Nein
68%
Aktuelle Währungen Nein
68%
Erfindungen des 20. Jahrhunderts Nein
68%
Bücher von Astrid Lindgren. Nein
66%
Aktuelle Währungen Nein
66%
Filme aus den 80ern Ja
65%
Weltranglistenerste im Herrentennis (Einzel) Nein
65%
Erfindungen des 20. Jahrhunderts Nein
65%
Erfindungen des 20. Jahrhunderts Nein
65%
Weltranglistenerste im Herrentennis (Einzel) Nein
64%
Bücher von Astrid Lindgren. Ja
62%
Von den Gebrüdern Grimm gesammelte Märchen Nein
61%
Deutsche Bundeskanzler Nein
61%
Bücher von Astrid Lindgren. Nein
58%
Weltranglistenerste im Herrentennis (Einzel) Nein
57%
Deutsche Bundeskanzler Ja
57%
Aktuelle Währungen Nein
55%
Weltranglistenerste im Herrentennis (Einzel) Ja
51%
Erfindungen des 20. Jahrhunderts Ja
51%
Hauptstädte in Europa. Ja
50%
Aktuelle Währungen Ja
50%
Erfindungen des 20. Jahrhunderts Ja
50%
Bücher von Astrid Lindgren. Ja
47%
Erfindungen des 20. Jahrhunderts Ja
47%
Deutsche Bundeskanzler Ja
46%
Hauptstädte in Europa. Ja
45%
Von den Gebrüdern Grimm gesammelte Märchen Ja
45%
Hauptstädte in Europa. Nein
43%
Von den Gebrüdern Grimm gesammelte Märchen Nein
43%
Von den Gebrüdern Grimm gesammelte Märchen Ja
43%
Bücher von Astrid Lindgren. Ja
42%
Aktuelle Währungen Ja
42%
James Bond-Darsteller Ja
41%
Von den Gebrüdern Grimm gesammelte Märchen Ja
36%
Filme aus den 80ern Ja
30%
Weltranglistenerste im Herrentennis (Einzel) Ja
27%
Weltranglistenerste im Herrentennis (Einzel) Ja
24%
Aktuelle Währungen Ja
23%
Hauptstädte in Europa. Ja
22%
Keine übereinstimmenden Quizze gefunden
Verteilung der Resultate
Anzahl Personen mit jedem Resultat
Perzentil nach korrekt beantworteten Fragen
Ihre Resultats-Entwicklung
Sie haben dieses Quiz noch nicht gespielt